monarchies of eurasia - Statistics

General Stats
  • This quiz has been taken 20 times
    14 since last reset
  • The average score is 21 of 25
Answer Stats
Answer % Correct
felipe spain
100%
philippe belgium
92%
margrethe denmark
92%
wilem-Alexander netherlands
92%
sultan qaboos oman
92%
tamim bin hamed qatar
92%
salman saudi arabia
92%
carl gustaf sweden
92%
elizabeth united kingdom
92%
akhito japan
83%
alois liechtenstein
83%
harald norway
83%
khalifa bin zayed uae
83%
pope francis vatican city
83%
emmanuel macron andorra
75%
hamad bin isa bahrain
75%
jigme khesar wangchuck bhutan
75%
hassanal bolkiah brunei
75%
noordoom siahmoni cambodia
75%
henri luxembourg
75%
Albert monaco
75%
vajiralongkorn thailand
75%
abdullah jordan
67%
sabah al ahmad kuwait
67%
sultan muhammad malaysia
67%
No matching quizzes found
Score Distribution
Percent of People with Each Score
Percentile by Number Answered
Your Score History
You have not taken this quiz since the last reset